00433nam a2200133Ia 4500008004100000020001800041082001700059100003300076245010900109260002400218300001000242500001900252650002800271120629s9999 xx 000 0 und d a920-641-503-3 a801.95 D671n aDomínguez Hidalgo, Antonio aNueva iniciación a las estructuras literarias y su apreciación textual / Antonio Domínguez Hidalgo aMéxico : Progreso a352 p aBibliografía a1. CRITICA LITERARIAÌ